| 000 | 00457nam a22001577a 4500 | ||
|---|---|---|---|
| 005 | 20251108164728.0 | ||
| 008 | 250721s1986 xx 000 0 ara d | ||
| 082 | 1 | 4 | _a810.9/حلم |
| 100 | 1 | _aبدير، حلمي | |
| 245 | 1 | 0 | _aأثر الأدب الشعببي في الأدب الحديث / |
| 264 | 1 |
_aالقاهرة : _bدار المعارف، _c1986. |
|
| 300 | _a223 ص | ||
| 650 | 1 | 7 | _aالأدب العربي |
| 942 |
_2ddc _cBK |
||
| 999 |
_c12895 _d12895 |
||